000 01597cam a2200157 4500500
005 20260329054723.0
041 _afre
042 _adc
100 1 0 _aMendez, Ariel
_eauthor
700 1 0 _aTchobanian, Robert
_eauthor
700 1 0 _aVion, Antoine
_eauthor
245 0 0 _aMondialisation, travail et compétences : Les dynamiques sociétales en question
260 _bArmand Colin,
_c2012.
520 _aLa mondialisation conduit-elle inéluctablement à l’uniformisation de la vie économique, sociale et culturelle? Les processus de diffusion de normes universelles s’imposent-ils à des acteurs qui se contenteraient de les décliner localement sans peu ou pas les modifier ? Sans nier la puissance des processus de convergence et d’uniformisation associés à de nouvelles formes de centralité – des marchés financiers, des firmes multinationales ou des villes globales, l’objectif de cet ouvrage collectif et interdisciplinaire est de mettre l’accent sur les contre-tendances inscrites dans les dynamiques sociétales et de proposer une analyse critique des processus de mondialisation. Étudiée à partir des transformations du travail, de l’emploi et des compétences, la mondialisation apparaît comme un assemblage de processus parfois convergents, souvent chaotiques, sources de désynchronisations, et qui percutent et reconstruisent tout à la fois les espaces et les modes de régulation au niveau local, national et supra-national.
856 4 1 _uhttps://shs.cairn.info/travail-competences-et-mondialisation--9782200272685?lang=fr&redirect-ssocas=7080
999 _c2006060
_d2006060